00150 a2200073 450000100060000010000150000624500300002126000250005118609 aFarooqi S aPakistan maidan jang main abBisat-e-adabc1969